01767cam a22003617a 45000010005000000030006000050050017000110080041000280100017000690200021000860200026001070350013001330350020001460400023001660500016001890820010002051000025002152450093002402600035003333000058003685050007004265200688004335210019011215210018011406500031011586500024011896500020012136500019012336500022012526500022012746550076012967000033013729344FISKH20251211123556.0020910s2002 nyua b 000 1 eng  a 2002513043 a0439382262qpbk. a9780439382267q(pbk.) a12925085 a(OCoLC)50411659 aE3VcE3VdDLCbeng aPZ7.B6654 F a398.81 aBourgeois, Paulette.10aFranklin says I love you /cwritten by Paulette Bourgeois ; illustrated by Brenda Clark. aNew York :bScholastic,c2002. a32 unnumbered pages : bcolor illustrations ; c23 cm aN  aA delightful storybook in the series that inspired the Franklin and Friends TV show! In this Franklin Classic Storybook, our hero is a very lucky turtle. He has the best friends, the best little sister, the best goldfish, and, of course, the best mother. But when he discovers that his mother's birthday is coming up, he can't find the best present. After giving it some serious thought, Franklin decides to do everything for his mom. On the morning of her birthday he takes her breakfast in bed, makes a brooch, draws a picture, and cuts fresh flowers from the garden! And then Franklin gives his mom a great big hug and says, "I love you" which is, of course, the best gift of all. a560 bLexile  aN bRaz-Plus  1aMothers and sonsvFiction. 1aBirthdaysvFiction. 1aGiftsvFiction. 1aLovevFiction. 1aTurtlesvFiction. 1aAnimalsvFiction. 7aFiction.2lcgft0https://id.loc.gov/authorities/genreForms/gf20140263391 aClark, Brenda,eillustrator